|
|
|
|
| LEADER |
00000nab a2200000 a 4500 |
| 001 |
vtls000449434 |
| 003 |
SK-MaSNL |
| 005 |
20260302235634.0 |
| 008 |
120926c1992 xo 0 slo |
| 015 |
|
|
|a SNBRB19rr/mm-uuuuu
|
| 035 |
|
|
|a CL0449565
|
| 040 |
|
|
|a SNKBUCL
|b slo
|c SNKBUCL
|e AACR2
|
| 041 |
0 |
|
|a slo
|
| 044 |
|
|
|a xo
|c SK
|
| 080 |
|
|
|a 82:061.7
|2 1981
|
| 080 |
|
|
|a 061.7
|2 1981
|
| 100 |
1 |
|
|a (gl)
|4 aut
|9 846814
|
| 245 |
1 |
0 |
|a V súzvuku s otčinou
|b Martinská Slovesná jar po dvadsiatyšiesty krát
|c (gl)
|
| 650 |
0 |
7 |
|a Slovesná jar 1992, Martin
|2 snkbucl
|9 972654
|
| 651 |
|
7 |
|a 5306
|2 snkbucl
|9 893716
|
| 655 |
|
7 |
|a články z novín a časopisov
|2 snkbucl
|9 267496
|
| 655 |
|
7 |
|a články z odboru literárna veda a krásna literatúra
|2 snkbucl
|9 770045
|
| 773 |
0 |
|
|t Smer dnes
|g Roč. 2, č. 96 (23. 4. 1992), s. 1-2
|
| 850 |
|
|
|a Slovenská národná knižnica v Martine
|a MTA001
|
| 852 |
|
|
|a SNK
|b KIS3GCP
|
| 958 |
|
|
|a RK
|
| 958 |
|
|
|a LX
|
| 992 |
|
|
|a RBX
|
| 999 |
|
|
|c 1555352
|d 1557282
|